Premier League English Best Scorer by Year - Statistics

General Stats
  • This quiz has been taken 1,248 times
    479 since last reset
  • The average score is 13 of 21
Answer Stats
Scorer % Correct
Harry Kane
99%
Jamie Vardy
99%
Alan Shearer
95%
Wayne Rooney
95%
Cole Palmer
94%
Ollie Watkins
93%
Frank Lampard
85%
Steven Gerrard
82%
Michael Owen
79%
Daniel Sturridge
73%
Andy Cole
72%
Teddy Sheringham
60%
Kevin Phillips
47%
Chris Sutton
34%
Dion Dublin
34%
Rickie Lambert
33%
Darren Bent
31%
Andy Johnson
22%
James Beattie
18%
D.J. Campbell
14%
Marcus Stewart
12%
No matching quizzes found
Score Distribution
Percent of People with Each Score
Percentile by Number Answered
Your Score History
You have not taken this quiz since the last reset